Orthodontic and surgical management of impacted teeth / (Record no. 21353)
[ view plain ]
| 000 -LEADER | |
|---|---|
| fixed length control field | 01134cam a22002775a 4500 |
| 001 - CONTROL NUMBER | |
| control field | 17913023 |
| 005 - DATE AND TIME OF LATEST TRANSACTION | |
| control field | 20160309132144.0 |
| 008 - FIXED-LENGTH DATA ELEMENTS--GENERAL INFORMATION | |
| fixed length control field | 131017t2014 ilua frb 001 0 eng d |
| 020 ## - INTERNATIONAL STANDARD BOOK NUMBER | |
| International Standard Book Number | 9780867154450 |
| 040 ## - CATALOGING SOURCE | |
| Original cataloging agency | DNLM/DLC |
| Transcribing agency | DLC |
| Modifying agency | DLC |
| -- | EG-ScBUE |
| Language of cataloging | eng |
| 082 04 - DEWEY DECIMAL CLASSIFICATION NUMBER | |
| Classification number | 617.643 |
| Edition number | 22 |
| Item number | KOK |
| 100 1# - MAIN ENTRY--PERSONAL NAME | |
| Personal name | Kokich, Vincent G., |
| 9 (RLIN) | 39505 |
| 245 10 - TITLE STATEMENT | |
| Title | Orthodontic and surgical management of impacted teeth / |
| Statement of responsibility, etc | Vincent G. Kokich, David P. Mathews. |
| 246 30 - VARYING FORM OF TITLE | |
| Title proper/short title | Impacted teeth |
| 260 ## - PUBLICATION, DISTRIBUTION, ETC. (IMPRINT) | |
| Place of publication, distribution, etc | Hanover Park : |
| Name of publisher, distributor, etc | Quintessence Publishing, |
| Date of publication, distribution, etc | c.2014. |
| 300 ## - PHYSICAL DESCRIPTION | |
| Extent | vii, 177 p. : |
| Other physical details | ill. (some col.) ; |
| Dimensions | 25 cm. |
| 500 ## - GENERAL NOTE | |
| General note | Index : p. 173-177. |
| 504 ## - BIBLIOGRAPHY, ETC. NOTE | |
| Bibliography, etc | Includes bibliographical references. |
| 505 0# - FORMATTED CONTENTS NOTE | |
| Formatted contents note | Impacted maxillary central incisors -- Labially impacted maxillary canines -- Palatally impacted canines -- Impacted mandibular canines -- Impacted premolars -- Impacted mandibular molars -- Complications and adverse sequelae. |
| 650 #7 - SUBJECT ADDED ENTRY--TOPICAL TERM | |
| Topical term or geographic name as entry element | Mouth |
| General subdivision | Surgery. |
| 9 (RLIN) | 36856 |
| Source of heading or term | BUEsh |
| 650 #0 - SUBJECT ADDED ENTRY--TOPICAL TERM | |
| Topical term or geographic name as entry element | Orthodontics, Corrective. |
| Source of heading or term | BUEsh |
| 650 #0 - SUBJECT ADDED ENTRY--TOPICAL TERM | |
| Topical term or geographic name as entry element | Teeth |
| General subdivision | Impaction. |
| Source of heading or term | BUEsh |
| 653 ## - INDEX TERM--UNCONTROLLED | |
| Resource For college | |
| Arrived date list | March2016 |
| 700 1# - ADDED ENTRY--PERSONAL NAME | |
| Personal name | Mathews, David P. |
| 942 ## - ADDED ENTRY ELEMENTS (KOHA) | |
| Source of classification or shelving scheme | Dewey Decimal Classification |
| Withdrawn status | Item status | Source of classification or shelving scheme | Damaged status | Not for loan | Vendor | Home library | Current library | Shelving location | Date acquired | Source of acquisition | Cost, normal purchase price | Serial Enumeration / chronology | Total Checkouts | Full call number | Barcode | Date last seen | Date last borrowed | Cost, replacement price | Koha item type |
|---|---|---|---|---|---|---|---|---|---|---|---|---|---|---|---|---|---|---|---|
| Dewey Decimal Classification | Central Library | Central Library | First floor | 09/03/2016 | Purchase | 1020.00 | 584 | 1 | 617.643 KOK | 000031917 | 15/07/2025 | 10/02/2018 | 1275.00 | Book - Borrowing |